LEADER 01042nam0 22002771i 450 001 UON00449910 005 20231205105036.974 100 $a20150127d1945 |0itac50 ba 101 $aeng 102 $aGB 105 $a|||| 1|||| 200 1 $aLanguage of men$fA.L. Morton 210 $aLondon$cCobbett Press$d1945 215 $a93 p.$d19 cm. 316 $aValore stimato$5IT-UONSI AnglXI/375 606 $aLetteratura inglese$xStudi$3UONC082455$2FI 620 $aGB$dLondon$3UONL003044 676 $a820.4$cLetteratura inglese. Periodo post-elisabettiano, 1625-1702$v21 700 1$aMORTON$bArthur Leslie$3UONV225364$0291424 712 $aCobbett Press$3UONV281531$4650 801 $aIT$bSOL$c20250613$gRICA 899 $aSIBA - SISTEMA BIBLIOTECARIO DI ATENEO$2UONSI 912 $aUON00449910 950 $aSIBA - SISTEMA BIBLIOTECARIO DI ATENEO$dSI Angl XI 375 $eSI MR 28735 7 375 Valore stimato 996 $aLanguage of men$91329575 997 $aUNIOR LEADER 01408nam2 22003253i 450 001 SNT0002433 005 20251003044400.0 010 $a8823002672 100 $a20120120d1997 ||||0itac50 ba 101 | $aita 102 $ait 181 1$6z01$ai $bxxxe 182 1$6z01$an 200 1 $aˆLa ‰salute in Italia$erapporto 1997$fa cura di Marco Geddes e Giovanni Berlinguer 210 $aRoma$cEdiesse$dc1997 215 $a276 p.$d24 cm 461 1$1001CFI0381573$12001 $aˆLa ‰salute in Italia$erapporto ...$fa cura di Marco Geddes e Giovanni Berlinguer$v1 676 $a362.1$9PROBLEMI E SERVIZI DI ASSISTENZA SOCIALE. MALATTIE FISICHE$v20 676 $a362.1068$9PROBLEMI E SERVIZI DI ASSISTENZA SOCIALE. MALATTIE FISICHE. Gestione$v21 676 $a362.10945$9PROBLEMI E SERVIZI DI ASSISTENZA SOCIALE IN ITALIA. MALATTIE FISICHE$v20 702 1$aBerlinguer$b, Giovanni$3CFIV050160 702 1$aGeddes da Filicaia$b, Marco$3USMV907465 790 1$aGeddes$b, Marco$3CFIV265175$zGeddes da Filicaia, Marco 801 3$aIT$bIT-000000$c20120120 850 $aIT-BN0095 912 $aSNT0002433 950 2$aBiblioteca Centralizzata di Ateneo$c1 v.$d 01POZZO LIB.ECON MON 7142$e 01 0700223355E VMA 1 v: (Precedente collocazione 22 Ec 335)$fB $h20220729$i20220729 977 $a 01 996 $aSALUTE in Italia$9686326 997 $aUNISANNIO